Ethnicity, identity and music : the musical construction of place

Saved in:
Bibliographic Details
Other Authors: Stokes, Martin (Editor)
Format: Book
Language:English
Published: Oxford : Berg, 1994
Series:Berg ethnic identities series
Subjects:
Tags: Add Tag
No Tags, Be the first to tag this record!

MARC

LEADER 00000nam a2200000 i 4500
001 1/11328
008 970929s1994 eng d
020 |a 1-85973-041-8 
035 |1 ΠΑΡ  |a 1997  |l 10018214 
040 |a GR-MY-UA  |b gre  |e aacr 
041 0 |a eng 
245 1 0 |a Ethnicity, identity and music :  |b the musical construction of place /  |c Edited by Martin Stokes 
260 |a Oxford :   |b Berg,   |c 1994 
300 |a 212 p. 
490 1 |a Berg ethnic identities series 
504 |a Includes bibliographical references and index 
650 0 0 |a Music and anthropology. 
650 0 0 |a Ethnomusicology. 
650 0 0 |a Ethnicity. 
650 0 0 |a Identity. 
700 1 |a Stokes, Martin.  |4 edt 
830 0 |a Berg ethnic identities series 
852 |a INST  |b LESVOS  |e 19970929  |h 780.89 ΕΤΗ  |p 005100015635  |q 005100015635  |t BK  |y 0 
909 |a Λ  |b 050954 
922 |a 1ΔΩΡ  |b 199709  |c ΤΚΑ